A socio political history of Bengal and the birth of Bangladesh / (Record no. 7624)
[ view plain ]
| 000 -LEADER | |
|---|---|
| fixed length control field | 00862nam a2200289 i 4500 |
| 001 - CONTROL NUMBER | |
| JCCL Control Number | 7624 |
| 003 - CONTROL NUMBER IDENTIFIER | |
| JCCL marc code | BD-JhCC |
| 005 - DATE AND TIME OF LATEST TRANSACTION | |
| control field | 20180212131621.0 |
| 008 - FIXED-LENGTH DATA ELEMENTS--GENERAL INFORMATION | |
| fixed length control field | 770127s1975 pk b b 001 0 eng |
| 020 ## - INTERNATIONAL STANDARD BOOK NUMBER | |
| Terms of availability | Tk25.00 |
| 035 ## - SYSTEM CONTROL NUMBER | |
| system control number | (BD-JhCC) |
| 040 ## - CATALOGING SOURCE | |
| Original cataloging agency | DLC |
| Transcribing agency | DLC |
| Modifying agency | DLC |
| 041 ## - LANGUAGE CODE | |
| Language code of Book | eng |
| 050 00 - LIBRARY OF CONGRESS CALL NUMBER | |
| Classification number | DS395 |
| Item number | .K37 1975 |
| 082 00 - DEWEY DECIMAL CLASSIFICATION NUMBER | |
| Classification number | 954.9/2 |
| Author mark and Year | KAM 1975 |
| 100 0# - MAIN ENTRY--PERSONAL NAME | |
| Personal name | Kamruddin Ahmad. |
| 245 12 - TITLE STATEMENT | |
| Title | A socio political history of Bengal and the birth of Bangladesh / |
| Statement of responsibility, etc | Kamruddin Ahmad. |
| 250 ## - EDITION STATEMENT | |
| Edition statement | 4th ed. |
| 260 ## - PUBLICATION, DISTRIBUTION, ETC. (IMPRINT) | |
| Place of publication, distribution, etc | Dacca : |
| Name of publisher, distributor, etc | Zahiruddin Mahmud Inside Library, |
| Date of publication, distribution, etc | 1975. |
| 300 ## - PHYSICAL DESCRIPTION | |
| Pagination | [a]-o, xl, 420 p. : |
| Other physical details | map ; |
| Dimensions | 23 cm. |
| 500 ## - GENERAL NOTE | |
| General note | First ed., 1967, published under title: The social history of East Pakistan. |
| 500 ## - GENERAL NOTE | |
| General note | Includes index. |
| 504 ## - BIBLIOGRAPHY, ETC. NOTE | |
| Bibliography, etc | Bibliography: p. [416]-417. |
| 651 #0 - SUBJECT ADDED ENTRY--GEOGRAPHIC NAME | |
| Geographic name | Bangladesh |
| General subdivision | History. |
| 942 ## - ADDED ENTRY ELEMENTS (KOHA) | |
| Source of classification or shelving scheme | Dewey Decimal Classification |
| Koha item type | Books |
| Source of classification or shelving scheme | Damaged status | Not for loan | Home library | Current library | Shelving location | Date of accession | Total Checkouts | Full call number | Barcode | Date last seen | Copy number | Koha item type |
|---|---|---|---|---|---|---|---|---|---|---|---|---|
| Dewey Decimal Classification | JCC Rouf Library | JCC Rouf Library | General Stacks | 02/12/2018 | 954.9/2 KAM 1975 | 9927 | 02/12/2018 | C - 1 | Books |